00401nam a2200145Ia 4500008004100000020001500041041000800056082001800064100005300082245003400135250000600169260003100175300001700206650003200223210716s1997 xx 000 0 und d a8187105550 aeng a004.6071 JERN aJerke, Noel; Hatmaker, Michael; Anderson, Jonny. aVb script interactive course. a1 aNew DelhibTechmediac1997 axviii,736,12 aVisual Programming(005.118)